00487nam a2200133Ia 4500003000200000005001700002008004100019050002400060100002100084245013200105260008400237300002000321521001200341020250210112555.0140724s9999 xx 000 0 und d aRC 531b.Ar674 2014 aArcia, Janina B. aEffects of guided imagery on anxiety level of BSNI Students of Southville International School and Colleges /cJanina B. Arcia. aLas Piñas, Philippines :bSouthville International School and Colleges,c2014 a70 p. :c28 cm. aNursing